00822cam a2200193 a 4500020002500000020002200025040000800047082002700055100001800082245015500100250001100255260009100266300003200357500002300389520014300412650002400555650002200579650002700601 a9781580087964 (pbk.) a1580087965 (pbk.) cUKM04a635 PUB 2006 C159 Or.1 aJeavons, John10aHow to grow more vegetables :b(and fruits, nuts, berries, grains, and other crops) than you ever thought possible on less land than you can imagine / a7th ed aBerkeley, Calif. :bTen Speed ;a[Enfield :bPublishers Group UK, distributor],cc2006 axx, 268 p. :bill. ;c28 cm aPrevious ed.: 2002 aPresents the basic principles of biointensive gardening with tips on what to grow, preparing growing beds, and planning and planting crops 0aVegetable gardening 0aOrganic gardening 0aBiointensive gardening